Tokaido Shinkansen - Nozomi Stations - Statistics

General Stats
  • This quiz has been taken 100 times
  • The average score is 6 of 6
Answer Stats
Stations % Correct
Tokyo
100%
Kyoto
99%
Nagoya
99%
Shin-Osaka
98%
Shinagawa
93%
Shin-Yokohama
90%
No matching quizzes found
Score Distribution
Percent of People with Each Score
Percentile by Number Answered
Your Score History
You have not taken this quiz